Aquatic animal quarantine and health certification in Asia

Quarantine programmes form part of firts line of defense against possible adverse effects resulting from the trans-boundary movement of aquatic species,...

Na minha lista:
Detalhes bibliográficos
Formato: Livro
Idioma:Undetermined
Publicado em: Rome FAO 1997
Assuntos:
Tags: Adicionar Tag
Sem tags, seja o primeiro a adicionar uma tag!
Thư viện lưu trữ: Trung tâm Học liệu Trường Đại học Cần Thơ
LEADER 00676nam a2200181Ia 4500
001 CTU_160013
008 210402s9999 xx 000 0 und d
082 |a 639.8 
082 |b A656/N373 
245 0 |a Aquatic animal quarantine and health certification in Asia 
245 0 |c By John Humphrey...[et al.] 
260 |a Rome 
260 |b FAO 
260 |c 1997 
520 |a Quarantine programmes form part of firts line of defense against possible adverse effects resulting from the trans-boundary movement of aquatic species,... 
650 |a Nuôi trồng thủy sản,Aquaculture 
904 |i Hồng, Năm 
980 |a Trung tâm Học liệu Trường Đại học Cần Thơ